| 000 | 01418namaa22003611i 4500 | ||
|---|---|---|---|
| 003 | EG-GICUC | ||
| 005 | 20260101131357.0 | ||
| 008 | 260101s1980 sy ||||jr|||| 00| 0 ara d | ||
| 040 |
_aEG-GiCUC _bara _cEG-GiCUC _dEG-GiCUC _erda |
||
| 041 |
_aara _heng |
||
| 043 | _aa----sy | ||
| 082 | 0 | 4 |
_221 _a412 _bE592 |
| 092 | 0 | 4 |
_221 _a412 _bE592 |
| 099 | _a412 E592 | ||
| 100 | 1 |
_aإينو، أن _eمؤلف. |
|
| 245 |
_aمراهنات دراسة الدلالات اللغوية / _cآن إينو ؛ ترجمة د. أوديت تبيت، د. خليل أحمد ؛ تقديم أ. جوليان كريماس، د. أسعد على |
||
| 250 | _aالطبعة الاولى | ||
| 264 |
_aدمشق (سوريا) : _bدار السؤال للطباعة والنشر، _c1980. |
||
| 300 |
_a160 : صفحة _bإيضاحيات، _c24 سم |
||
| 336 |
_2rdacontent _atext |
||
| 337 |
_2rdamedia _aUnmediated |
||
| 338 |
_2rdacarrier _avolume |
||
| 504 | _aيشتمل على ارجاعات ببليوجرافية. | ||
| 541 |
_aد. جابر عصفور ؛ _bالقاهرة ؛ _cإهداء ؛ _d2024. |
||
| 650 | 1 | 7 |
_aاللغة العربية _xالاشتقاق _2qrmak |
| 651 | 1 | _2qrmak | |
| 700 | 1 |
_aتبيت، أوديت _eمترجم. |
|
| 700 | 1 |
_aأحمد، خليل _eمترجم. |
|
| 700 | 1 |
_aكريماس، جوليان _eمقدم. |
|
| 700 | 1 |
_aعلى، أسعد _eمقدم. |
|
| 905 | _aNermeen | ||
| 942 |
_2ddc _cBK _e21 _n0 |
||
| 999 |
_c177279 _d177279 |
||